00624ncm a2200217 a 4500001000800000005001700008008004100025010001700066020001500083040001800098041000800116080001100124082001100135100000700146101000800153245006100161906004500222942001200267999001700279952011000296562042620180315054020.0920616s1991 iaustz h n  a 90055467  a069705845X aDLCcDLCdDLC aeng a78 BEN a78 BEN1 a45 aMUZ10aSightsinging complete /cBruce Benward, Maureen A. Carr. a7bcbccorignewd3encipf19gy-genmusic 2ddccBK c45103d45103 00102udc40708PËKGa002b002cPËKGd2018-03-15l0o78 BENp002-3001882r2018-03-15w2018-03-15yBK